Hypoglykémia vysokoškolská učebnica

Bibliographic Details
Main Authors: Novodvorský, Peter, 1981- (Author), Galajda, Peter, 1960- (Author), Mokáň, Marián, 1957- (Author)
Other Authors: Haluzík, Martin, 1970- (Reviewer), Kříž, Jan (Reviewer)
Format: Book
Language:Slovak
PhysicalDescription:strán fotografie, grafy, tabuľky 25 cm
Published: Martin P+M 2025
ISBN:9788069123052
Subjects:

MARC

LEADER 00000cam a2200000 4500
001 vtls012280200
003 SK-MaSNL
005 20260301061231.0
008 250723s2025 xo oa f np 000 0 slo
015 |a SNBA2025/11 
020 |a 9788069123052  |q (viazané) 
040 |a SNK  |b slo  |c SNK  |e rda 
041 0 |a slo 
044 |a xo  |c SK 
072 7 |a 616  |x Patológia. Klinická medicína  |2 konspekt 
072 7 |a 37.016  |x Učebné osnovy. Vyučovacie predmety. Učebnice  |2 konspekt 
080 |a 616.153.454  |2 2011 
080 |a (075.8)  |2 2011 
100 1 |a Novodvorský, Peter,  |d 1981-  |4 aut  |9 373872 
245 1 0 |a Hypoglykémia  |b vysokoškolská učebnica  |c Peter Novodvorský, Peter Galajda, Marián Mokáň 
264 1 |a Martin  |b P+M  |c 2025 
300 |a strán  |b fotografie, grafy, tabuľky  |c 25 cm 
336 |a text  |b txt  |2 rdacontent 
337 |a bez média  |b n  |2 rdamedia 
338 |a zväzok  |b nc  |2 rdacarrier 
500 |a Obsahuje zoznam skratiek 
504 |a Obsahuje bibliografiu za jednotlivými kapitolami 
650 0 7 |a hypoglykémia  |2 SNKPH  |9 15385 
650 0 7 |a Hypoglycemia  |2 SNKPHeng  |9 373873 
655 7 |a učebnice vysokých škôl  |2 SNKPH  |9 70191 
655 7 |a Textbooks (higher)  |2 SNKPHeng  |9 276436 
700 1 |a Galajda, Peter,  |d 1960-  |4 aut  |9 195289 
700 1 |a Mokáň, Marián,  |d 1957-  |4 aut  |9 106742 
700 1 |a Haluzík, Martin,  |d 1970-  |4 rev  |9 156793 
700 1 |a Kříž, Jan  |4 rev  |9 289562 
852 |a Slovenská národná knižnica 
919 |a 978-80-69123-05-2 
954 |a odborná, vedecká literatúra pôvodná (slovenská)  |2 lita 
954 |a odborná, vedecká literatúra cudzojazyčná (svetová)  |2 lita 
958 |a NB 
958 |a MI 
999 |c 617085  |d 619015 
952 |a SNK  |b SNK  |y PREZ  |7 0  |p 17A1580378  |o snkSC 211837  |i snk2025/14891  |8 0  |0 0  |1 0  |4 0  |d 2025-09-23  |l 0  |r 2026-02-23 16:42:48  |w 2026-02-23